000
00251nam a22001097a 4500
100
_a
Lefeber,louis
245
_a
Regional development
260
_a
paris
_b
mouton
_c
1971
300
_a
xiii,278pg
_b
20cm.
500
_a
including, bibliography
942
_c
BK
999
_c
20172
_d
20172